000 00717pam a2200265 a 4500
001 1494682
003 NUST
005 20220511144325.0
008 881125s1989 nyu 000 1 eng
010 _a 88038504
020 _a0671432486 :
_c$19.95
038 _aArshad
040 _aDLC
_cDLC
_dDLC
043 _aa-ii---
050 0 0 _aPS3563.E344
_bR3 1989
082 0 0 _a813.54
_bMEH
100 1 _aMehta, Gita.
_982919
245 1 0 _aRaj :
_ba novel /
_cGita Mehta.
260 _aNew York :
_bSimon and Schuster,
_c1989.
300 _a479 p. ;
_c25 cm.
563 _aPBK
651 0 _aIndia
_xHistory
_y20th century
_xFiction.
_991515
906 _a7
_bcbc
_corignew
_d1
_eocip
_f19
_gy-gencatlg
942 _2ddc
_cBK
999 _c589634
_d589634